|
|
|
|
| LEADER |
00678nam a22001811 4500 |
| 001 |
c000193994 |
| 003 |
CARM |
| 005 |
20021125001700.0 |
| 008 |
851003s1941 sp 0 spa d |
| 019 |
1 |
|
|a 3960393
|5 LACONCORD2021
|
| 035 |
|
|
|a (OCoLC)17799867
|5 LACONCORD2021
|
| 100 |
2 |
|
|a Torrente Ballester, Gonzalo,
|d 1910-
|
| 245 |
1 |
3 |
|a El casamiento enganoso :
|b auto sacramental.
|
| 260 |
|
|
|a Madrid :
|b Ediciones Escorial,
|c 1941.
|
| 852 |
8 |
|
|b CARM
|h A2:AP11A0
|i B06634
|p 0305612
|f BK
|
| 082 |
0 |
4 |
|a 862.6
|
| 999 |
f |
f |
|i 6a588632-f902-5a8a-bb9b-47db2dbbe328
|s f62bd093-da79-5381-b728-9d15605b0354
|
| 952 |
f |
f |
|p Can circulate
|a CAVAL
|b CAVAL
|c CAVAL
|d CARM 1 Store
|e B06634
|f A2:AP11A0
|h Other scheme
|i book
|m 0305612
|